000 00675nam a2200217 i 4500
001 64781
003 ES-MaACL
005 20230906165217.0
007 t|
008 040105s1963 sp ||||1| spa d
100 1 _aFougeyrollas, Pierre.
_951935
245 1 3 _aEl marxismo, verdad y mito /
_cPierre Fougeyrollas ; traducción, prólogo y notas de Antoni Jutglar.
250 _a[1ª ed. castellana].
260 _aHospitalet :
_bNova Terra,
_c[1963]
300 _a203 p. ;
_c17 cm.
490 1 _aColección Síntesis
700 1 _aJutglar, Antoni.
_967368
830 0 _aColección Síntesis
_9181518
852 _aES-MaACL
_jC-26116
_bR.53659
999 _c64781
_d64781